[Event "IND-chT 36th"]
[Site "Bhubaneswar"]
[Date "2016.02.08"]
[Round "1"]
[White "Deepan Chakkravarthy, J."]
[Black "Johnson, Sahoo"]
[Result "1-0"]
[WhiteElo "2481"]
[BlackElo "1822"]
[PlyCount "113"]
[EventDate "2016.02.08"]
[EventType "team-swiss"]
[EventRounds "9"]
[EventCountry "IND"]
[SourceTitle "CBM 170 Extra"]
[Source "ChessBase"]
[SourceDate "2016.02.25"]
[SourceVersion "1"]
[SourceVersionDate "2016.02.25"]
[SourceQuality "1"]
[WhiteTeam "Railway Sports"]
[BlackTeam "Odisha Master CF"]
[WhiteTeamCountry "IND"]
[BlackTeamCountry "IND"]

1. e4 e5 2. Nf3 Nc6 3. Bb5 a6 4. Ba4 Nf6 5. 0-0 Be7 6. d3 d6 7. c3 Bg4 8. Nbd2 0-0 9. h3 Bh5 10. Re1 b5 11. Bc2 b4 12. Ba4 bxc3 13. Bxc6 cxd2 14. Bxd2 Rb8 15. b3 Nd7 16. Be3 Bxf3 17. Qxf3 Nc5 18. Rad1 Ne6 19. d4 exd4 20. Bxd4 Nxd4 21. Rxd4 Bf6 22. Rc4 Qe7 23. Qd3 Qe5 24. g3 a5 25. Qd2 Rb4 26. Rxb4 axb4 27. Qxb4 Qb2 28. Qa4 Bd4 29. Rf1 f5 30. Bd5+ Kh8 31. exf5 g6 32. Bf3 Rxf5 33. Qe8+ Kg7 34. Qe2 Qc3 35. Kg2 Re5 36. Qc4 Rc5 37. Qxc3 Rxc3 38. Rd1 Bb6 39. Rd2 Kf6 40. Bd5 h5 41. h4 c6 42. Be4 d5 43. Rc2 Rxc2 44. Bxc2 g5 45. hxg5+ Kxg5 46. b4 c5 47. bxc5 Bxc5 48. f4+ Kh6 49. a4 Ba7 50. a5 Bb8 51. a6 Ba7 52. Kf3 Kg7 53. Bb3 d4 54. Ke4 Kf6 55. Bd1 Kg6 56. Be2 Bb6 57. Ke5 1-0